Pembiayaan pihak berkuasa tempatan di Semenanjung Malaysia (Record no. 133881)

MARC details
000 -LEADER
fixed length control field 00755nam a2200241 i 4500
001 - CONTROL NUMBER
control field C2-0335782
003 - CONTROL NUMBER IDENTIFIER
control field PPAK
005 - DATE AND TIME OF LATEST TRANSACTION
control field 20180728135100.0
008 - FIXED-LENGTH DATA ELEMENTS--GENERAL INFORMATION
fixed length control field 160222s2004 my |||| ||||| | may d
020 ## - INTERNATIONAL STANDARD BOOK NUMBER
International Standard Book Number 9799832870912 ; 9832870917
040 ## - CATALOGING SOURCE
Original cataloging agency PPAK
Language of cataloging eng
Transcribing agency PPAK
Description conventions rda
082 04 - DEWEY DECIMAL CLASSIFICATION NUMBER
Classification number 352.4959504
Edition number 23
090 00 - LOCALLY ASSIGNED LC-TYPE CALL NUMBER (OCLC); LOCAL CALL NUMBER (RLIN)
Classification number (OCLC) (R) ; Classification number, CALL (RLIN) (NR) 352.4959504
Feature heading MAH
Feature heading G
100 0# - MAIN ENTRY--PERSONAL NAME
Personal name Mahamad Tayib,
Relator term author
245 10 - TITLE STATEMENT
Title Pembiayaan pihak berkuasa tempatan di Semenanjung Malaysia
264 #1 - PRODUCTION, PUBLICATION, DISTRIBUTION, MANUFACTURE, AND COPYRIGHT NOTICE
Place of production, publication, distribution, manufacture Sintok, Kedah :
Name of producer, publisher, distributor, manufacturer Penerbit Universiti Utara Malaysia ,
Date of production, publication, distribution, manufacture, or copyright notice 2004
300 ## - PHYSICAL DESCRIPTION
Extent xvi, 144 pages ;
Dimensions 21 cm
336 ## - CONTENT TYPE
Source rdacontent
Content type term text
337 ## - MEDIA TYPE
Source rdamedia
Media type term unmediated
338 ## - CARRIER TYPE
Source rdacarrier
Carrier type term volume
650 10 - SUBJECT ADDED ENTRY--TOPICAL TERM
Topical term or geographic name entry element Local government - Malaysia. ; Revenue - Malaysia.
942 ## - ADDED ENTRY ELEMENTS (KOHA)
-- dc
Koha item type Book
Holdings
Withdrawn Not for loan Current library Shelving location Date acquired Total Checkouts Full call number Barcode Date last seen Date last checked out Koha item type
    Perpustakaan Awam Sungai Petani Pinjaman Dewasa 03/03/2016 1 352.4959504 MAH A00878081 07/08/2019 14/07/2019 Book